000 00820nam a2200229Ia 4500
003 GCL
008 140319s9999 xx 000 0 ara d
040 _aGCL /
_cGCL
082 0 4 _aق
_b932
_bع ت
100 1 _aعبدالرحمن الرافعى
245 1 0 _aتاريخ الحركةالقومية فى مصرالقديمة :
_bمن فجرالتاريخ الى الفتح العربى /
_cعبدالرحمن الرافعى
260 _aالقاهرة :
_bمكتبة النهضة المصرية ،
_c1963
300 _a317 ص ؛
_c24 سم
490 _a
650 0 4 _aتاريخ
650 0 4 _aمصر القديمة
650 0 4 _aالحضارة الفرعونية
650 0 4 _aفتح مصر
650 0 4 _aمصر - تاريخ
650 0 4 _aمصر - تاريخ - العصر الاسلامى
942 _2ddc
_cBK
999 _c36189
_d36189